LEADER 01442nam 2200361 n 450 001 996389964403316 005 20200824120717.0 035 $a(CKB)4940000000101316 035 $a(EEBO)2240897092 035 $a(UnM)99837727e 035 $a(UnM)99837727 035 $a(EXLCZ)994940000000101316 100 $a19901016d1638 uy | 101 0 $aeng 135 $aurbn||||a|bb| 200 00$aGreat Yarmouths exercise$b[electronic resource] $eIn a very compleat and martiall manner performed by their artillery men, upon the twenty second of May last, to the great commendations and applause of the whole town, according to the modern discipline of this our age. 1638. Written by Iohn Roberts of Weston, neere Bathe, Gent 210 $aLondon $cPrinted by Thomas Harper, and are to be sold by Ellis Morgan, at his shop in Little Brittain$d1638 215 $a[18] p 300 $aSignatures: A-B? Cı. 300 $aReproduction of the original in the British Library. 330 $aeebo-0018 606 $aMilitary art and science$zEngland$vEarly works to 1800 607 $aGreat Yarmouth (Norfolk)$xDefenses$vEarly works to 1800 615 0$aMilitary art and science 700 $aRoberts$b John$cof Weston.$0341174 801 0$bCu-RivES 801 1$bCu-RivES 801 2$bCStRLIN 801 2$bWaOLN 906 $aBOOK 912 $a996389964403316 996 $aGreat Yarmouths exercise$92421188 997 $aUNISA LEADER 01308nam 2200445 450 001 9910743390303321 005 20230628175851.0 010 $a981-16-6025-5 010 $a981-16-6026-3 010 $a981-16-6026-3 035 $a(CKB)5100000000152578 035 $a(MiAaPQ)EBC6875084 035 $a(Au-PeEL)EBL6875084 035 $a(PPN)259390496 035 $a(EXLCZ)995100000000152578 100 $a20220210d2022 uy 0 101 0 $aeng 135 $aurcnu|||||||| 181 $ctxt$2rdacontent 182 $cc$2rdamedia 183 $acr$2rdacarrier 200 10$aInterpretation of endoscopic biopsy - gastritis, gastropathies and beyond /$fKim Vaiphei 210 1$aSingapore :$cSpringer,$d[2022] 210 4$dİ2022 215 $a1 online resource (253 pages) 311 $a981-16-6025-5 606 $aGastrointestinal system$xExamination 606 $aGastroscopy 615 0$aGastrointestinal system$xExamination. 615 0$aGastroscopy. 676 $a616.3307545 700 $aVaiphei$b Kim$01427467 801 0$bMiAaPQ 801 1$bMiAaPQ 801 2$bMiAaPQ 906 $aBOOK 912 $a9910743390303321 996 $aInterpretation of endoscopic biopsy - gastritis, gastropathies and beyond$93560786 997 $aUNINA 999 $aHealth Sciences